Environmental factors in transportation planning

Salvato in:
Dettagli Bibliografici
Autori principali: Weiner, Paul (Autore), Deak, Edward J (Autore)
Natura: Libro
Lingua:inglese
Pubblicazione: Lexington Lexington Books 1972
Soggetti:
Tags: Aggiungi Tag
Nessun Tag, puoi essere il primo ad aggiungerne!!

MARC

LEADER 00000nam a2200000 a 4500
001 UCU2837
003 CL-VaPUC
008 960426e19720000US |||||||||||||||||eng|d
082 0 4 |a 351.878  |b WEI  |2 21 
100 0 |a Weiner, Paul  |e author  |9 359402 
700 0 |a Deak, Edward J  |e author  |9 359403 
245 1 0 |a Environmental factors in transportation planning 
300 |a 283 p 
942 |c BK 
945 |d 19960426 00:00:00  |a lriquelm 
260 |a Lexington  |b Lexington Books  |c 1972 
650 7 |a TRANSPORTE  |2 CL-VaPUC  |9 256365 
650 7 |a SERVICIOS DE TRANSPORTE  |2 CL-VaPUC  |9 358013 
650 7 |a PLANIFICACION  |2 CL-VaPUC  |9 260802 
583 |a last modification  |c 19960426 00:00:00  |k Rodrigo Vera 
999 |c 247045  |d 247043